Il processo civile romano.
Uloženo v:
| Hlavní autor: | |
|---|---|
| Médium: | Kniha |
| Jazyk: | angličtina |
| Vydáno: |
Roma, Italia:
Edizioni "Ricerche",
1962.
|
| Témata: | |
| Tagy: |
Přidat tag
Žádné tagy, Buďte první, kdo vytvoří štítek k tomuto záznamu!
|
MARC
| LEADER | 00000nam a22000007a 4500 | ||
|---|---|---|---|
| 003 | CL-VaPUC | ||
| 005 | 20220822114840.0 | ||
| 008 | 220809t1962 ||||| |||| 00| 0 eng d | ||
| 999 | |c 438142 |d 438140 | ||
| 040 | |c Pontificia Universidad Católica de Valparaíso | ||
| 082 | |2 22 |a 349.37 PUG 1962 | ||
| 100 | |9 296579 |a Pugliese, Giovanni |e autore | ||
| 245 | |a Il processo civile romano. | ||
| 260 | |a Roma, Italia: |b Edizioni "Ricerche", |c 1962. | ||
| 300 | |a Volumen I. | ||
| 500 | |a c.1 Volumen I: c.1 Donación Familia Prof. Alejandro Guzmán Brito. | ||
| 505 | |a v.I: Le legis actiones (Corso di diritto romano - Anno Accademico 1961-62). | ||
| 583 | |c 20220808 |k Yessy Sthefany Diaz Vidal | ||
| 650 | 0 | |9 361912 |a Proceso civil |z Roma | |
| 650 | 0 | |9 255930 |a Derecho romano |x Acciones y defensas | |
| 942 | |2 ddc |c BK |n 0 | ||
| 952 | |0 0 |1 0 |2 ddc |4 0 |6 349_370000000000000_PUG_1962 |7 1 |8 C_AGB |9 586024 |a BIBDER |b BIBDER |d 2022-08-09 |e Donación |h v.I |i 5653926 |o 349.37 PUG 1962 |p 5653926 |r 2023-01-25 |t 1 |w 2022-08-09 |y BK_US |k AGB | ||